|
|
|
|
| LEADER |
00733cam a2200169 7i4500 |
| 001 |
0000028260 |
| 005 |
20120920090000.0 |
| 090 |
0 |
0 |
|a S 338.7
|b MAL
|
| 110 |
2 |
0 |
|a Malaysia External Trade Development Corporation (MATRADE)
|
| 245 |
0 |
0 |
|a Seminar on " Doing Business With the United Nations " ( 13 June 2012 : MATRADE Hall Menara MATRADE, Kuala Lumpur).
|
| 260 |
0 |
0 |
|a Kuala Lumpur:
|b MATRADE,
|c 2012.
|
| 300 |
# |
# |
|a [v.p].
|
| 650 |
0 |
0 |
|a Business --
|x Seminar papers --
|z United Nations
|
| 650 |
0 |
0 |
|a Business --
|x Rules and regulations --
|x Seminar papers --
|z United Nations
|
| 651 |
0 |
0 |
|z United Nations
|
| 999 |
|
|
|a 0000031200
|b Book
|c Seminar Papers
|e Business Information Centre
|
| 999 |
|
|
|a 0000031199
|b Book
|c Seminar Papers
|e Business Information Centre
|